000 00814nam a2200253Ia 4500
003 OSt
005 20220925222310.0
006 a|||||r|||| 00| 0
007 ta
008 220923b |||||||| |||| 00| 0 eng d
020 _a9780230251601
_c2031.94
037 _b12992, 08/03/2017, Elite Publisher Distributors
_cGeneral Book
040 _aRTL
_cRTL
_beng
041 _2eng
_aeng
082 _aY9(W:5), Q5
100 _aBUFACCHI Vittorio
_929186
245 0 _aSocial injustice
_b Essays in political philosophy
260 _aLondon
_bPalgrave Macmillam.
_c2015
300 _axi,202p.
_ccm.
500 _aAppendix: p 217-229
650 _aSociology
942 _hY9(W:5), Q5
_cGB
_2CC
999 _c576618
_d576618